Loading...
| History - American | 0 | 8 | 0 | 1 | 80 | 39 | 57.25 | 3 | 6 | 15.98 | 28.17 |
| Literature - American | 0 | 8 | 1 | 0 | 75 | 18 | 59.63 | 2 | 6 | 16.42 | 27.92 |
| History - European | 0 | 6 | 0 | 0 | 60 | 10 | 30.83 | 4 | 6 | 21.96 | 28.98 |
| Literature - European | 0 | 7 | 2 | 1 | 60 | 47 | 79.57 | 2 | 4 | 11.98 | 23.38 |
| Literature - World | 0 | 4 | 1 | 0 | 35 | 62 | 74.25 | 1 | 2 | 6.41 | 12.18 |
| Religion | 0 | 4 | 1 | 0 | 35 | 55 | 71.75 | 1 | 4 | 8.86 | 20.37 |
| Science - Biology | 0 | 3 | 0 | 1 | 30 | 64 | 79.00 | 0 | 1 | 2.91 | 6.41 |
| Science - Other | 0 | 3 | 0 | 1 | 30 | 46 | 74.00 | 0 | 1 | 4.20 | 6.01 |
| Painting/Sculpture | 0 | 3 | 0 | 1 | 30 | 84 | 98.33 | 0 | 0 | 1.89 | 4.46 |
| History - Other | 0 | 3 | 0 | 0 | 30 | 11 | 39.33 | 1 | 3 | 8.73 | 11.69 |
| Literature - British | 0 | 3 | 1 | 1 | 25 | 41 | 75.33 | 0 | 2 | 6.19 | 11.28 |
| Fine Arts - Other | 0 | 3 | 1 | 1 | 25 | 72 | 97.33 | 1 | 1 | 1.51 | 4.63 |
| Mythology | 0 | 2 | 0 | 0 | 20 | 74 | 99.00 | 0 | 0 | 4.29 | 5.84 |
| Pop Culture | 0 | 2 | 0 | 0 | 20 | 34 | 45.50 | 0 | 1 | 10.03 | 8.04 |
| Philosophy | 0 | 1 | 0 | 0 | 10 | 70 | 70.00 | 0 | 0 | 2.56 | 4.46 |
| Science - Chemistry | 0 | 1 | 0 | 0 | 10 | 51 | 51.00 | 0 | 0 | 2.18 | 2.27 |
| History - World | 0 | 1 | 0 | 0 | 10 | 62 | 62.00 | 0 | 0 | 3.73 | 3.41 |
| Social Science | 0 | 1 | 2 | 0 | 0 | 85 | 85.00 | 1 | 1 | 0.97 | 5.56 |
| Fine Arts - Classical Music | 0 | 1 | 2 | 0 | 0 | 83 | 83.00 | 0 | 1 | 1.24 | 3.25 |
| Geography | 0 | 0 | 1 | 0 | -5 | 0.00 | 0 | 0 | 3.60 | 6.25 |